| 000 | 004890000a22001810004500 | ||
|---|---|---|---|
| 003 | MACL | ||
| 005 | 20151003144755.0 | ||
| 008 | 151003b xxu||||| |||| 00| 0 eng d | ||
| 040 |
_aMACL _cMACL |
||
| 041 | _aEnglish | ||
| 082 | _a910/GHO | ||
| 100 |
_aSen, Gupta _91085 |
||
| 245 |
_aWest Bengal State and People _bDevelopment and People Choice |
||
| 260 |
_bState Institute of Panchayats _c2006 _aKolkata |
||
| 350 | _a225 | ||
| 650 |
_aGeography & Travels _913483 |
||
| 942 |
_cBK _k910 _2ddc |
||
| 999 |
_c8650 _d8650 |
||